Мой Крым (Запись № 1349022)

Подробности
000 -МАРКЕР
контрольное поле 02365nam0a2200421 4500
001 - ИДЕНТИФИКАТОР ЗАПИСИ
контрольное поле RU\NLR\bibl\1430160
005 - ИДЕНТИФИКАТОР ВЕРСИИ
контрольное поле 20260406140155.0
010 ## - МЕЖДУНАРОДНЫЙ СТАНДАРТНЫЙ НОМЕР КНИГИ (ISBN)
Номер (ISBN) 5-9423-005-1
Тираж 500
035 ## - ДРУГИЕ СИСТЕМНЫЕ НОМЕРА
Идентификатор записи (NLR Aleph) 001422072
100 ## - ДАННЫЕ ОБЩЕЙ ОБРАБОТКИ
Данные общей обработки 20090831d2007 |||y0rusy50 ca
101 0# - ЯЗЫК РЕСУРСА
Язык текста, звукозаписи и т.д. русский
102 ## - СТРАНА ПУБЛИКАЦИИ ИЛИ ПРОИЗВОДСТВА
Страна публикации Российская Федерация
105 ## - ПОЛЕ КОДИРОВАННЫХ ДАННЫХ: ТЕКСТОВЫЕ МАТЕРИАЛЫ, МОНОГРАФИЧЕСКИЕ
Кодированные данные о монографическом текстовом документе a |||||||||
200 1# - ЗАГЛАВИЕ И СВЕДЕНИЯ ОБ ОТВЕТСТВЕННОСТИ
Основное заглавие Мой Крым
Сведения, относящиеся к заглавию воспоминания
-- очерки об Александре Пушкине, Иване Айвазовском, Максимилиане Волошине
Первые сведения об ответственности Игорь Григорьев
Последующие сведения об ответственности сост. Дмитрия Лосева
-- предисл. Игоря Татаринцева
210 ## - ПУБЛИКАЦИЯ, РАСПРОСТРАНЕНИЕ И ДР.
Место издания, распространения и т.д. Москва
-- Феодосия
Имя издателя, распространителя и т. д. Коктебель
Дата издания, распространения и т.д. 2007
215 ## - ФИЗИЧЕСКАЯ ХАРАКТЕРИСТИКА
Специфическое обозначение материала и объем 46, [1] с.
Другие сведения о физической характеристике ил.
Размеры 20
225 1# - СЕРИЯ
Основное заглавие серии Библиотека альманаха "Крымский альбом"
Обозначение тома Вып. 10
320 ## - ПРИМЕЧАНИЯ О НАЛИЧИИ В ДОКУМЕНТЕ БИБЛИОГРАФИИ / УКАЗАТЕЛЯ
Текст примечания Библиогр.: с. 42-46
600 #1 - ИМЯ ЛИЦА КАК ПРЕДМЕТ
Начальный элемент ввода Волошин
Часть имени, кроме начального элемента ввода М. А.
Даты 1877 - 1932
Расширение инициалов личного имени Максимилиан Александрович
Тематический подзаголовок Памятные места
Географический подзаголовок Крым
Системный номер авторитетной/нормативной записи 2574544
Идентификатор авторитетной/нормативной записи RU\NLR\auth\661522305
600 #1 - ИМЯ ЛИЦА КАК ПРЕДМЕТ
Начальный элемент ввода Айвазовский
Часть имени, кроме начального элемента ввода И.К.
Даты 1817 - 1900
Расширение инициалов личного имени Иван Константинович
Тематический подзаголовок Памятные места
Географический подзаголовок Крым
Системный номер авторитетной/нормативной записи 2574821
Идентификатор авторитетной/нормативной записи RU\NLR\auth\661522454
606 1# - НАИМЕНОВАНИЕ ТЕМЫ КАК ПРЕДМЕТ
Наименование темы Пушкинские места
Географический подзаголовок Крым
Системный номер авторитетной/нормативной записи 1526564
Идентификатор авторитетной/нормативной записи RU\NLR\auth\66664288
686 ## - ИНДЕКСЫ ДРУГИХ КЛАССИФИКАЦИЙ
Индекс Ш6(2=Р)75-464.1
686 ## - ИНДЕКСЫ ДРУГИХ КЛАССИФИКАЦИЙ
Индекс Ш5(2=Р)51-4Пушкин28
686 ## - ИНДЕКСЫ ДРУГИХ КЛАССИФИКАЦИЙ
Индекс Ш5(2=Р)7-4Волошин
686 ## - ИНДЕКСЫ ДРУГИХ КЛАССИФИКАЦИЙ
Индекс Щ143(2Р=Рус)52-8Айвазовский
700 #1 - ИМЯ ЛИЦА - ПЕРВИЧНАЯ ОТВЕТСТВЕННОСТЬ
Код отношения Автор
Графика поля Кириллица
Материалы, к которым относится поле rus
Начальный элемент ввода Григорьев
Часть имени, кроме начального элемента ввода И. К.
Дополнения к именам, кроме дат библиофил, инженер-стандартизатор
Даты 1921-2014
Расширение инициалов личного имени Игорь Кузьмич
Системный номер авторитетной/нормативной записи 60731
Идентификатор авторитетной/нормативной записи RU\NLR\AUTH\7777803
702 #1 - ИМЯ ЛИЦА - ВТОРИЧНАЯ ОТВЕТСТВЕННОСТЬ
Код отношения Прочие
Графика поля Кириллица
Материалы, к которым относится поле rus
Начальный элемент ввода Пушкин
Часть имени, кроме начального элемента ввода А. С.
Дополнения к именам, кроме дат поэт
Даты 1799-1837
Расширение инициалов личного имени Александр Сергеевич
Системный номер авторитетной/нормативной записи 110441
Идентификатор авторитетной/нормативной записи RU\NLR\auth\77386
702 #1 - ИМЯ ЛИЦА - ВТОРИЧНАЯ ОТВЕТСТВЕННОСТЬ
Код отношения Прочие
Графика поля Кириллица
Материалы, к которым относится поле rus
Начальный элемент ввода Айвазовский
Часть имени, кроме начального элемента ввода И. К.
Дополнения к именам, кроме дат художник
Даты 1817-1900
Расширение инициалов личного имени Иван Константинович
Системный номер авторитетной/нормативной записи 27996
Идентификатор авторитетной/нормативной записи RU\NLR\auth\7745057
702 #1 - ИМЯ ЛИЦА - ВТОРИЧНАЯ ОТВЕТСТВЕННОСТЬ
Код отношения Прочие
Графика поля Кириллица
Материалы, к которым относится поле rus
Начальный элемент ввода Волошин
Часть имени, кроме начального элемента ввода М. А.
Даты 1877-1932
Расширение инициалов личного имени Максимилиан Александрович
Системный номер авторитетной/нормативной записи 112890
Идентификатор авторитетной/нормативной записи RU\NLR\auth\772883
801 #0 - ИСТОЧНИК ЗАПИСИ
Страна Российская Федерация
Организация NLR
Дата составления 20090831
Правила каталогизации RCR
801 #1 - ИСТОЧНИК ЗАПИСИ
Страна Российская Федерация
Организация NLR
Дата составления 20090831
942 ## - ДОПОЛНИТЕЛЬНЫЕ ЭЛЕМЕНТЫ ЗАПИСИ (АБИС)
Тип экземпляра АБИС Книга
980 ## - КОЛЛЕКЦИЯ
Название коллекции Национальная библиография
Экземпляры
Тип экземпляра Дата поступления Источник поступления Библиотека постоянного хранения Библиотека текущего хранения Место хранения Шифр хранения Штрих-код Статус экземпляра
Книга 26.10.2009 Покупка РНБ (Московский) РНБ (Московский) Русский книжный фонд: издания с 1957 года 2009-4/14698 1-1731242